00940naa a22002177a 4500003000400000005001700004008004100021040000800062100014200070245013800212260001000350500008500360650001400445655003000459650001600489773008300505711007600588942001300664999001500677952003000692BPK20190610114406.0161004b1991 pl ||||| |||| 10| 0 pol  cBPK aSŁOWIŃSKI, Bronisław.d1972 - 1996.bWyższa Szkoła Inżynierska w Koszalinie - Wydział Mechaniczny, cZakład Technologii Maszyn aWpływ liczności próbki na dokładność wyników badań eksploatacyjnych ściernic ceramicznych /cBronisław Słowiński. c1991. aDane z listy publikacji prof. nadzw. dr hab. inż. Bronisława Słowińskiego. 0aCeramika. 0aMateriały konferencyjne. 0aŚciernica iW :tMateriały XIV Naukowej Szkoły Obróbki Ściernej. -g2004, s. 154-157 aNaukowa Szkoła Obróbki Ściernejn(14 ;d1991 ;cGdańsk, Polska). cART2UKD c7724d7724 00104070aBPKbBPKyART